Characters and Historical Figures (Difficult) - Statistics

General Stats
  • This quiz has been taken 28 times
  • The average score is 9 of 25
Answer Stats
Picture Hint Answer % Correct
English Physicist by Kneller Isaac Newton
92%
French Emperor by Ingres Napoleon
88%
American President by Sully Andrew Jackson
81%
Greek Philosopher by David Socrates
77%
Roman Goddess by Chassériau Venus
65%
Hamlet by Waterhouse Ophelia
54%
French Political Theorist by David Jean-Paul Marat
50%
English Philosopher by Kneller John Locke
50%
Greek Hero by Füssli Achilles
46%
Greek Philosopher by Géróme Diogenes
38%
Greek Hunter by Caravaggio Narcissus
35%
Greek Poet by Alda-Tadema Sappho
31%
Wife of David by Géróme Bathsheba
27%
Othello by Amoedo Desdemona
27%
Jewish Widow by Caravaggio Judith
23%
The Tempest by Waterhouse Miranda
23%
Notre Dame de Paris Esmeralda
15%
French Novelist by Sully George Sand
15%
French Mistress by Boucher Madame de Pompadour
12%
French Philosopher by van Loo Marquis de Sade
12%
Merchant of Venice by Millais Portia
12%
Swedish King by Cederström Charles XII
8%
Commedia dell'arte Character Columbina
0%
Roman Emperor by Alma-Tadema Elagabalus
0%
Italian Violinist by Ingres Niccoló Pagnini
0%
No matching quizzes found
Score Distribution
Percent of People with Each Score
Percentile by Number Answered
Your Score History
You have not taken this quiz